000 00297 a2200109 4500
001 ART_18412
005 20260410161701.0
008 260409a
245 1 0 _aPráctica impositiva
100 1 _aNuñez, Eduardo José
773 0 _tRevista Impuestos
_g- Nº 2 (feb. 2013)
_wREV639
999 _c15222
_d15222